Highest performing English team each season in the UCL current format - Statistics

General Stats
  • This quiz has been taken 43 times
  • The average score is 20 of 21
Answer Stats
Year Finish Answer % Correct
2004 Semifinals Chelsea
100%
2012 Champions Chelsea
100%
2014 Semifinals Chelsea
100%
2021 Champions Chelsea
100%
2005 Champions Liverpool
100%
2007 Runners up Liverpool
100%
2018 Runners up Liverpool
100%
2019 Champions Liverpool
100%
2022 Runners up Liverpool
100%
2016 Semifinals Man City
100%
2020 Quarterfinals Man City
100%
2023 Champions Man City
100%
2024 Quarterfinals Man City
100%
2006 Runners up Arsenal
97%
2013 Round of 16 Arsenal
97%
2015 Round of 16 Arsenal
97%
2008 Champions Man United
89%
2009 Runners up Man United
89%
2010 Quarterfinals Man United
89%
2011 Runners up Man United
89%
2017 Quarterfinals Leicester City
72%
No matching quizzes found
Score Distribution
Percent of People with Each Score
Percentile by Number Answered
Your Score History
You have not taken this quiz